| 000 | 00351nam a2200133Ia 4500 | ||
|---|---|---|---|
| 008 | 190722s9999 xx 000 0 und d | ||
| 020 | _a978-81-315-2465-7 | ||
| 100 | _aJeffrey M.Wooldridge | ||
| 245 | 0 | _aIntroductory Econometrics a Modern Approach | |
| 250 | _a5th | ||
| 260 |
_aNew Delhi _bCengage learning _c2013 |
||
| 300 | _a878 | ||
| 942 | _cBK | ||
| 999 |
_c1005 _d1005 |
||